|
|
|
|
| LEADER |
01610nam a2200397Ia 4500 |
| 001 |
EBC3001911 |
| 003 |
MiAaPQ |
| 005 |
20200520144314.0 |
| 006 |
m o d | |
| 007 |
cr cn||||||||| |
| 008 |
090126s2008 ne a sb 000 0 dut d |
| 020 |
|
|
|z 9789089640444
|
| 035 |
|
|
|a (MiAaPQ)EBC3001911
|
| 035 |
|
|
|a (Au-PeEL)EBL3001911
|
| 035 |
|
|
|a (CaPaEBR)ebr10391878
|
| 035 |
|
|
|a (OCoLC)923566439
|
| 040 |
|
|
|a MiAaPQ
|c MiAaPQ
|d MiAaPQ
|
| 050 |
|
4 |
|a HD5792
|b .S344 2008
|
| 100 |
1 |
|
|a Scheele, Dirk.
|
| 245 |
1 |
0 |
|a Werk en inkomsten na massaontslag
|h [electronic resource] :
|b de zekerheid is niet van de baan /
|c Dirk Scheele, Ruben van Gaalen en Johan van Rooijen.
|
| 260 |
|
|
|a Amsterdam :
|b Amsterdam University Press,
|c 2008.
|
| 300 |
|
|
|a 147 p. :
|b ill.
|
| 490 |
1 |
|
|a WRR verkenningen ;
|v 20
|
| 500 |
|
|
|a "Centraal Bureau voor de Statistiek ; Wetenschappelijke Raad voor het Regeringsbeleid".
|
| 504 |
|
|
|a Includes bibliographical references.
|
| 533 |
|
|
|a Electronic reproduction. Ann Arbor, MI : ProQuest, 2015. Available via World Wide Web. Access may be limited to ProQuest affiliated libraries.
|
| 650 |
|
0 |
|a Unemployed
|x Research
|z Netherlands.
|
| 650 |
|
0 |
|a Layoff systems.
|
| 655 |
|
4 |
|a Electronic books.
|
| 700 |
1 |
|
|a Gaalen, Ruben van.
|
| 700 |
1 |
|
|a Rooijen, Johan van.
|
| 710 |
1 |
|
|a Netherlands.
|b Centraal Bureau voor de Statistiek.
|
| 710 |
2 |
|
|a Wetenschappelijke Raad voor het Regeringsbeleid (Netherlands)
|
| 710 |
2 |
|
|a ProQuest (Firm)
|
| 830 |
|
0 |
|a WRR verkenningen ;
|v 20.
|
| 856 |
4 |
0 |
|u https://ebookcentral.proquest.com/lib/matrademy/detail.action?docID=3001911
|z Click to View
|